00470nam a2200193Ia 4500008004100000020001800041041000800059082001900067100002200086245002300108250000600131260003900137300000800176365001300184700002100197700001900218700001900237700002000256140306s9999 xx 000 0 und d a9788131717431 aeng a658.84bCOU/MA aAdel, l.El-Ansari aMarketing Channels a7 aNew DelhibPearson Educationc2009 a556 bRs.525/- aAnne, T.Coughlan aErin, Anderson aLouis, W.Stern aR.C., Natarajan